O jovem ecologista (Record no. 44705)
[ view plain ]
| 000 -Etiqueta do registo | |
|---|---|
| Valores | 00573cam a22002171 04500 |
| 100 ## - Dados gerais de processamento | |
| Dados gerais | 19950301d1982 d y0pory5003 ba |
| 101 1# - Língua de publicação | |
| Língua | por |
| 102 ## - País de publicação | |
| País | PT |
| 200 1# - Titulo e menção de responsabilidade | |
| Título próprio | O jovem ecologista |
| Primeira menção de responsabilidade | Neil Arnold |
| Outras menções de responsabilidade | il. Chris Sheilds |
| 210 #9 - Publicação | |
| Local de publicação | Lisboa |
| Nome do editor | Verbo, |
| Data de publicação | imp. 1982 |
| 215 ## - Descrição física | |
| Paginação / Volumes | 46 p. |
| Outras indicações físicas | il. |
| Dimensões | 28 cm |
| 304 ## - Nota relativa ao título | |
| Texto de nota | Tít. orig. : The young ecologist |
| 675 ## - CDU | |
| Notação | 57.081 |
| 675 ## - CDU | |
| Notação | 087.5 |
| Edição | med |
| Língua | por |
| 700 #1 - Autor principal | |
| Apelido | Arnold, |
| Nome | Neil |
| 702 #1 - Autor secundário | |
| Apelido | Sheilds, |
| Nome | Chris |
| Função | 440 |
| 702 #1 - Autor secundário | |
| Apelido | Cardoso, |
| Nome | Manuel Maria Mota |
| Função | 730 |
| 801 #0 - Fonte de origem | |
| País | PT |
| Agência | BN |
| Regras de catalogação | RPC |
| 990 ## - Elementos KOHA | |
| Tipo de documento | Livro |
| Aquisição | Empréstimo | Código de barras | Cota | Permissão de empréstimo | Tipo de documento |
|---|---|---|---|---|---|
| Biblioteca Municipal de Redondo | Biblioteca Municipal de Redondo | A054585 | 57.081 ARN | Livro |